[Event "Kitchener Oktoberfest U2000"]
[Site "Kitchener CAN"]
[Date "2009.10.18"]
[Round "5"]
[White "Chernik, Dmitry"]
[Black "Leblanc, Paul"]
[Result "0-1"]
[WhiteElo "1833"]
[BlackElo "1859"]
[PlyCount "58"]
[GameId "2160767910096341"]
[EventDate "2009.10.16"]
[EventType "swiss"]
[EventRounds "5"]
[EventCountry "CAN"]
[SourceTitle "EXT 2011"]
[Source "ChessBase"]
[SourceDate "2011.11.26"]
[SourceVersion "1"]
[SourceVersionDate "2011.11.26"]
[SourceQuality "1"]

1. e4 c6 2. d4 d5 3. e5 Bf5 4. Bd3 Bxd3 5. Qxd3 e6 6. c3 Nd7 7. Be3 Ne7 8. Ne2 Nf5 9. O-O Be7 10. Nd2 O-O 11. Ng3 Nxe3 12. fxe3 c5 13. Rf3 b5 14. Raf1 c4 15. Qe2 b4 16. Nh5 bxc3 17. bxc3 Rb8 18. Nxg7 Kxg7 19. Rg3+ Kh8 20. Qh5 Rg8 21. Rxf7 Nf8 22. Rh3 Rg7 23. Rxg7 Kxg7 24. Qh6+ Kg8 25. Rg3+ Ng6 26. Rh3 Bh4 27. g3 Rb2 28. Nf1 Qe7 29. gxh4 Qf7 0-1

[Event "Kitchener Oktoberfest U2000"]
[Site "Kitchener CAN"]
[Date "2009.10.18"]
[Round "5"]
[White "Gillanders, Robert"]
[Black "Grigorescu, Laurentiu"]
[Result "0-1"]
[WhiteElo "1925"]
[BlackElo "1935"]
[PlyCount "76"]
[GameId "2160767910096342"]
[EventDate "2009.10.16"]
[EventType "swiss"]
[EventRounds "5"]
[EventCountry "CAN"]
[SourceTitle "EXT 2011"]
[Source "ChessBase"]
[SourceDate "2011.11.26"]
[SourceVersion "1"]
[SourceVersionDate "2011.11.26"]
[SourceQuality "1"]

1. e4 e5 2. Nf3 Nc6 3. Bb5 a6 4. Ba4 d6 5. O-O Bg4 6. c3 Nge7 7. Re1 Ng6 8. d4 Bd7 9. d5 Nb8 10. Bc2 Be7 11. c4 h6 12. Nc3 Bg5 13. Ne2 Bg4 14. Qd3 Nd7 15. Nxg5 hxg5 16. Qg3 Bxe2 17. Rxe2 Nf4 18. Re1 Qf6 19. Be3 O-O-O 20. b4 Rh4 21. c5 Rdh8 22. cxd6 Qh6 23. Bxf4 exf4 24. Qc3 Qxd6 25. h3 Ne5 26. Bd1 g4 27. Kf1 gxh3 28. gxh3 Rxh3 29. Qc5 Qxc5 30. bxc5 f3 31. Bxf3 Rxf3 32. Ke2 Rh2 33. Rf1 g5 34. d6 g4 35. Rad1 g3 36. Rd5 Rhxf2+ 37. Rxf2 Rxf2+ 38. Ke3 Nc4+ 0-1

[Event "Kitchener Oktoberfest U2000"]
[Site "Kitchener CAN"]
[Date "2009.10.18"]
[Round "5"]
[White "Hendon, Lee"]
[Black "Solis, Jaime"]
[Result "1/2-1/2"]
[WhiteElo "1702"]
[BlackElo "1805"]
[PlyCount "101"]
[GameId "2160767910096343"]
[EventDate "2009.10.16"]
[EventType "swiss"]
[EventRounds "5"]
[EventCountry "CAN"]
[SourceTitle "EXT 2011"]
[Source "ChessBase"]
[SourceDate "2011.11.26"]
[SourceVersion "1"]
[SourceVersionDate "2011.11.26"]
[SourceQuality "1"]

1. e4 e5 2. Nf3 Nc6 3. Bb5 a6 4. Ba4 Nf6 5. O-O Be7 6. d3 b5 7. Bb3 d6 8. c3 O-O 9. h3 Nd7 10. Nh2 Nc5 11. Bd5 Bb7 12. f4 exf4 13. Bxf4 Nb8 14. Bxb7 Nxb7 15. Qf3 Nd7 16. Nd2 Nbc5 17. d4 Ne6 18. Be3 Bg5 19. Rae1 f6 20. Re2 Qe7 21. Ref2 Rae8 22. Ng4 Kh8 23. b4 Bxe3 24. Nxe3 Ng5 25. Qg4 Rg8 26. Rf4 c6 27. h4 Nf7 28. Nf5 Qe6 29. R1f3 g6 30. Ne3 Nh6 31. Qxe6 Rxe6 32. d5 cxd5 33. exd5 Re7 34. Re4 Rge8 35. Rxe7 Rxe7 36. c4 Kg7 37. cxb5 axb5 38. Nb3 Ne5 39. Rg3 Ra7 40. Nd4 Rxa2 41. Nxb5 Rb2 42. Nxd6 Rxb4 43. h5 Kf8 44. hxg6 hxg6 45. Rh3 Nhf7 46. Nxf7 Nxf7 47. Rg3 Ne5 48. Kh2 Ke7 49. Kh3 Rb1 50. Ng4 Rh1+ 51. Nh2 1/2-1/2

[Event "Kitchener Oktoberfest U2000"]
[Site "Kitchener CAN"]
[Date "2009.10.18"]
[Round "5"]
[White "Kitich, Zeljko"]
[Black "Dragan, Christian"]
[Result "1/2-1/2"]
[WhiteElo "1702"]
[BlackElo "1640"]
[PlyCount "54"]
[GameId "2160767910096344"]
[EventDate "2009.10.16"]
[EventType "swiss"]
[EventRounds "5"]
[EventCountry "CAN"]

1. d4 d5 2. c4 e6 3. Nc3 c6 4. e3 Nf6 5. Bd3 dxc4 6. Bxc4 b5 7. Bd3 Bb7 8. Nf3 a6 9. O-O Nbd7 10. a3 c5 11. b3 Qb6 12. dxc5 Nxc5 13. Bc2 Rd8 14. Qe2 Qc7 15. Bb2 Be7 16. Rfd1 O-O 17. b4 Ncd7 18. Rac1 Nb6 19. Rxd8 Qxd8 20. Ne5 Bd6 21. Ng4 Nxg4 22. Qxg4 Nc4 23. Ba1 Ne5 24. Qh3 h6 25. Ne4 Qe7 26. f4 Bxe4 27. Bxe4 Nc4 1/2-1/2

[Event "Kitchener Oktoberfest U2000"]
[Site "Kitchener CAN"]
[Date "2009.10.18"]
[Round "5"]
[White "Liu, Steven2"]
[Black "Knechtel, Tim"]
[Result "1/2-1/2"]
[WhiteElo "1860"]
[BlackElo "1834"]
[PlyCount "59"]
[GameId "2160767910096345"]
[EventDate "2009.10.16"]
[EventType "swiss"]
[EventRounds "5"]
[EventCountry "CAN"]
[SourceTitle "EXT 2011"]
[Source "ChessBase"]
[SourceDate "2011.11.26"]
[SourceVersion "1"]
[SourceVersionDate "2011.11.26"]
[SourceQuality "1"]

1. Nf3 Nf6 2. c4 d6 3. e3 Nbd7 4. Nc3 e5 5. d4 c6 6. d5 Be7 7. dxc6 bxc6 8. Be2 Qc7 9. O-O h6 10. Qc2 Nf8 11. b3 g5 12. Bd3 Bg4 13. Nd2 Bh5 14. Nde4 Bg6 15. Nxf6+ Bxf6 16. Ne4 Bg7 17. Ba3 c5 18. Bb2 f5 19. Nc3 Qd7 20. Rad1 a6 21. Na4 Qf7 22. Qd2 Rd8 23. Qa5 Qa7 24. Bc2 Ne6 25. Rd2 Bf6 26. f4 exf4 27. exf4 Nd4 28. Bxd4 cxd4 29. Re2+ Kf7 30. Qb6 1/2-1/2

[Event "Kitchener Winter op"]
[Site "Kitchener CAN"]
[Date "2009.02.16"]
[Round "5"]
[White "Ferreira, Alex"]
[Black "Derraugh, Geordie"]
[Result "1/2-1/2"]
[WhiteElo "2060"]
[BlackElo "2063"]
[PlyCount "83"]
[GameId "2160767910268888"]
[EventDate "2009.02.14"]
[EventType "swiss"]
[EventRounds "5"]
[EventCountry "CAN"]

1. Nc3 d5 2. e4 dxe4 3. Nxe4 e5 4. Bc4 Nf6 5. Ng5 Be6 6. Bxe6 fxe6 7. Nxe6 Qd7 8. Nxf8 Rxf8 9. Ne2 Nc6 10. O-O O-O-O 11. d3 e4 12. d4 Ne5 13. Be3 Nf3+ 14. Kh1 Ng4 15. gxf3 exf3 16. Ng3 h5 17. Rg1 Nxe3 18. fxe3 h4 19. Nf1 h3 20. e4 Rf4 21. Rg3 Rdf8 22. Qd3 g5 23. Ne3 g4 24. Nc4 f2 25. Nd2 Qf7 26. Rf1 Qxa2 27. Qa3 Qe6 28. Qxa7 c6 29. Qa8+ Kd7 30. Qxb7+ Kd8 31. d5 cxd5 32. Qxd5+ Qxd5 33. exd5 Re8 34. Ra3 Re1 35. Ra1 Rd4 36. Raxe1 fxe1=Q 37. Rxe1 Rxd2 38. Rg1 Rxc2 39. b3 Rb2 40. Rxg4 Rb1+ 41. Rg1 Rxb3 42. Rg3 1/2-1/2

[Event "Kitchener Winter op U2000"]
[Site "Kitchener CAN"]
[Date "2009.02.14"]
[Round "1"]
[White "Armstrong, Robert J"]
[Black "Scott, James"]
[Result "1-0"]
[WhiteElo "1845"]
[BlackElo "1680"]
[PlyCount "135"]
[GameId "2160767910268889"]
[EventDate "2009.02.14"]
[EventType "swiss"]
[EventRounds "5"]
[EventCountry "CAN"]
[SourceTitle "EXT 2011"]
[Source "ChessBase"]
[SourceDate "2011.11.26"]
[SourceVersion "1"]
[SourceVersionDate "2011.11.26"]
[SourceQuality "1"]

1. d4 Nf6 2. c4 e6 3. Nf3 b6 4. e3 Bb7 5. Bd3 Be7 6. O-O O-O 7. Nc3 c5 8. b3 d6 9. Bb2 Nbd7 10. e4 cxd4 11. Nxd4 Nc5 12. Re1 Nxd3 13. Qxd3 Re8 14. Rad1 d5 15. cxd5 exd5 16. Nf5 Bf8 17. e5 Nd7 18. Qg3 Re6 19. Rd4 Rg6 20. Rg4 Nc5 21. h4 Qd7 22. h5 Rxg4 23. Qxg4 d4 24. Ne4 Bxe4 25. Rxe4 d3 26. Nh6+ Kh8 27. Qxd7 Nxd7 28. Nxf7+ Kg8 29. e6 Nc5 30. Nh6+ gxh6 31. Rg4+ Bg7 32. Rxg7+ Kf8 33. e7+ Ke8 34. Bc3 Ne4 35. Be1 Nf6 36. Bc3 Nd5 37. Bd2 Nxe7 38. Rxh7 Rc8 39. Rh8+ Kf7 40. Rxc8 Nxc8 41. Bxh6 Nd6 42. f3 Nb5 43. Bd2 Na3 44. g4 Nb1 45. Kf2 Nxd2 46. Ke3 Nb1 47. Kxd3 Na3 48. g5 Nb5 49. f4 Nd6 50. Kd4 Ke6 51. h6 Kf5 52. Kd5 Nf7 53. h7 Nh8 54. Kc6 Kxf4 55. Kb7 Kxg5 56. Kxa7 b5 57. Kb6 b4 58. Kb5 Kg6 59. Kxb4 Kxh7 60. a4 Nf7 61. Kb5 Nd6+ 62. Kc6 Nc8 63. b4 Kg7 64. b5 Kf7 65. b6 Nxb6 66. Kxb6 Ke7 67. a5 Kd8 68. Kb7 1-0

[Event "Kitchener Winter op U2000"]
[Site "Kitchener CAN"]
[Date "2009.02.14"]
[Round "2"]
[White "Hassain, Mahmud"]
[Black "Armstrong, Robert J"]
[Result "1-0"]
[WhiteElo "1914"]
[BlackElo "1845"]
[PlyCount "71"]
[GameId "2160767910268890"]
[EventDate "2009.02.14"]
[EventType "swiss"]
[EventRounds "5"]
[EventCountry "CAN"]
[SourceTitle "EXT 2011"]
[Source "ChessBase"]
[SourceDate "2011.11.26"]
[SourceVersion "1"]
[SourceVersionDate "2011.11.26"]
[SourceQuality "1"]

1. e4 g6 2. d4 Bg7 3. c3 d6 4. Bd3 Nf6 5. Ne2 O-O 6. O-O c5 7. d5 Qb6 8. a4 a5 9. Na3 Nbd7 10. Ng3 Ne5 11. Bb5 h5 12. f4 c4+ 13. Kh1 Neg4 14. Nxc4 Qc5 15. Qd3 h4 16. Ne2 h3 17. Qf3 Nxh2 18. Kxh2 Bg4 19. Qd3 hxg2 20. Kxg2 Qc8 21. Nb6 Bxe2 22. Qxe2 Qc7 23. Nxa8 Rxa8 24. Bd2 Nh5 25. Rh1 Qc8 26. Rxh5 gxh5 27. Qxh5 e6 28. Re1 exd5 29. exd5 Qc7 30. Qg5 f6 31. Qf5 Kf8 32. Bd7 Rd8 33. Be6 Bh8 34. Qg6 Qg7 35. Qxg7+ Bxg7 36. Kf3 1-0

[Event "Kitchener Winter op U2000"]
[Site "Kitchener CAN"]
[Date "2009.02.15"]
[Round "3"]
[White "Liu, Steven2"]
[Black "Armstrong, Robert J"]
[Result "1-0"]
[WhiteElo "1709"]
[BlackElo "1845"]
[PlyCount "107"]
[GameId "2160767910268891"]
[EventDate "2009.02.14"]
[EventType "swiss"]
[EventRounds "5"]
[EventCountry "CAN"]
[SourceTitle "EXT 2011"]
[Source "ChessBase"]
[SourceDate "2011.11.26"]
[SourceVersion "1"]
[SourceVersionDate "2011.11.26"]
[SourceQuality "1"]

1. e4 g6 2. d4 Bg7 3. Nf3 d6 4. c4 Nf6 5. Nc3 O-O 6. h3 Nc6 7. Be2 e5 8. d5 Ne7 9. O-O h6 10. Be3 Nd7 11. Qd2 Kh7 12. Bd3 f5 13. Qe2 f4 14. Bd2 g5 15. Nh2 Nf6 16. b4 Ng6 17. Ng4 Nxg4 18. hxg4 f3 19. gxf3 Nh4 20. f4 gxf4 21. f3 Qg5 22. Be1 Bxg4 23. Bxh4 Qxh4 24. fxg4 f3 25. Qh2 Qxg4+ 26. Kf2 Qg5 27. Rad1 Rf4 28. Rg1 Qf6 29. Rg3 Rh4 30. Rh3 Rg4 31. Rxf3 Qg5 32. Rf5 Rf8 33. Rxf8 Bxf8 34. Ne2 Qf6+ 35. Ke1 Qf3 36. Qf2 Qxf2+ 37. Kxf2 Be7 38. Rg1 Rh4 39. a4 Rh2+ 40. Ke1 Bg5 41. Rf1 Kg7 42. Kd1 Rh3 43. Kc2 h5 44. Nc3 Rh2+ 45. Be2 h4 46. Kd3 Rg2 47. Rf3 Bf4 48. Nb5 Bg3 49. Nxc7 Rg1 50. Ne6+ Kg6 51. Rf1 Rg2 52. c5 h3 53. cxd6 h2 54. Rh1 1-0

[Event "Kitchener Winter op U2000"]
[Site "Kitchener CAN"]
[Date "2009.02.15"]
[Round "4"]
[White "Armstrong, Robert J"]
[Black "Dragasanu, George"]
[Result "1-0"]
[WhiteElo "1845"]
[BlackElo "1771"]
[PlyCount "121"]
[GameId "2160767910268892"]
[EventDate "2009.02.14"]
[EventType "swiss"]
[EventRounds "5"]
[EventCountry "CAN"]
[SourceTitle "EXT 2011"]
[Source "ChessBase"]
[SourceDate "2011.11.26"]
[SourceVersion "1"]
[SourceVersionDate "2011.11.26"]
[SourceQuality "1"]

1. d4 Nf6 2. c4 e6 3. Nf3 b6 4. e3 Bb4+ 5. Bd2 Qe7 6. a3 Bxd2+ 7. Nbxd2 d5 8. Bd3 a5 9. b3 Ba6 10. O-O O-O 11. Ne5 Nbd7 12. Ndf3 g6 13. Qc2 c5 14. Nxd7 Qxd7 15. dxc5 bxc5 16. Rfd1 Qa7 17. Qc3 Qe7 18. cxd5 Nxd5 19. Qe5 f6 20. Qb2 Rfb8 21. Qc2 Bxd3 22. Rxd3 Rb5 23. e4 Nf4 24. Rc3 Rab8 25. Rc1 Qb7 26. g3 Nh3+ 27. Kg2 Ng5 28. Nxg5 fxg5 29. Kg1 Rxb3 30. Rxb3 Qxb3 31. Qxc5 Qd3 32. Qe5 Rb1 33. Qxe6+ Kg7 34. Rxb1 Qxb1+ 35. Kg2 Qd3 36. Qe7+ Kg8 37. a4 Qc2 38. Qd8+ Kg7 39. Qd4+ Kf8 40. Qh8+ Kf7 41. Qxh7+ Kf6 42. Qh8+ Ke6 43. Qg8+ Kf6 44. Qh8+ Ke6 45. Qd4 Qc6 46. Kf3 Qc7 47. Qd5+ Kf6 48. e5+ Ke7 49. Qd6+ Qxd6 50. exd6+ Kxd6 51. Kg4 Kc5 52. Kxg5 Kb4 53. Kxg6 Kxa4 54. h4 Kb3 55. h5 a4 56. h6 a3 57. h7 Ka2 58. h8=Q Kb1 59. Qc3 Ka2 60. f4 Kb1 61. Qxa3 1-0

[Event "Labour Day op"]
[Site "Langley CAN"]
[Date "2009.09.06"]
[Round "1"]
[White "McLaren, Brian"]
[Black "Steinke, Wally"]
[Result "1-0"]
[WhiteElo "2247"]
[BlackElo "1706"]
[PlyCount "57"]
[GameId "2160767910092884"]
[EventDate "2009.09.05"]
[EventType "swiss"]
[EventRounds "6"]
[EventCountry "CAN"]
[SourceTitle "EXT 2022"]
[Source "ChessBase"]
[SourceDate "2021.10.06"]
[SourceVersion "1"]
[SourceVersionDate "2021.10.06"]
[SourceQuality "1"]

1. e4 c5 2. Nc3 g6 3. g3 Bg7 4. Bg2 Nc6 5. d3 d6 6. Be3 Nf6 7. h3 a6 8. f4 Qc7 9. Qd2 Bd7 10. Nge2 e6 11. O-O Ne7 12. d4 cxd4 13. Bxd4 Bc6 14. Rad1 Rd8 15. Qe3 Rd7 16. Bb6 Qb8 17. g4 O-O 18. b3 d5 19. e5 Ne8 20. Nd4 Nc7 21. a4 Re8 22. b4 Nc8 23. Bc5 Qa8 24. b5 Bxb5 25. axb5 b6 26. Ba3 Bf8 27. Bxf8 Rxf8 28. bxa6 f6 29. Qe2 1-0

[Event "Labour Day op"]
[Site "Langley CAN"]
[Date "2009.09.05"]
[Round "1.2"]
[White "Labik, Peter"]
[Black "Patterson, Roger"]
[Result "0-1"]
[WhiteElo "1704"]
[BlackElo "2197"]
[PlyCount "54"]
[GameId "2160767910092885"]
[EventDate "2009.09.05"]
[EventType "swiss"]
[EventRounds "6"]
[EventCountry "CAN"]
[SourceTitle "EXT 2022"]
[Source "ChessBase"]
[SourceDate "2021.10.06"]
[SourceVersion "1"]
[SourceVersionDate "2021.10.06"]
[SourceQuality "1"]

1. e4 c5 2. Nf3 d6 3. c3 Nf6 4. d4 cxd4 5. Qxd4 Nc6 6. Bb5 Bd7 7. Qe3 e6 8. e5 Nxe5 9. Bxd7+ Nexd7 10. O-O Be7 11. Nbd2 O-O 12. Ne4 Nxe4 13. Qxe4 d5 14. Qg4 Nf6 15. Qg3 Ne4 16. Qg4 Rc8 17. Nd4 Qb6 18. Kh1 Bf6 19. f3 Nd6 20. h4 Rc4 21. f4 Bxd4 22. cxd4 Qxd4 23. Rf3 Qd1+ 24. Kh2 Rxc1 25. Rxc1 Qxc1 26. h5 Qxb2 27. h6 Kh8 0-1

[Event "Labour Day op"]
[Site "Langley CAN"]
[Date "2009.09.05"]
[Round "1.3"]
[White "Sohal, Tanraj"]
[Black "Martinson, Rick"]
[Result "1-0"]
[WhiteElo "2102"]
[BlackElo "1697"]
[PlyCount "105"]
[GameId "2160767910092886"]
[EventDate "2009.09.05"]
[EventType "swiss"]
[EventRounds "6"]
[EventCountry "CAN"]
[SourceTitle "EXT 2022"]
[Source "ChessBase"]
[SourceDate "2021.10.06"]
[SourceVersion "1"]
[SourceVersionDate "2021.10.06"]
[SourceQuality "1"]

1. d4 Nf6 2. c4 g6 3. Nc3 Bg7 4. e4 d6 5. f3 O-O 6. Be3 e5 7. Nge2 Nc6 8. d5 Ne7 9. Qd2 Ne8 10. O-O-O f5 11. h3 f4 12. Bf2 g5 13. Kb1 Bd7 14. Nc1 Ng6 15. Be2 Nf6 16. Nd3 b6 17. Rdg1 h6 18. Bd1 Be8 19. Ne2 Nh5 20. g3 a5 21. gxf4 exf4 22. Bd4 Nh4 23. Ne1 Qe7 24. Bc2 Be5 25. Bf2 Kh8 26. Bd4 Qf6 27. Bxe5 dxe5 28. Rh2 Bd7 29. Nc1 Qd6 30. Ncd3 Rae8 31. Qc3 Ng3 32. Bd1 Ng6 33. c5 bxc5 34. Nxc5 Qb6 35. Rgg2 Bc8 36. Ba4 Nf1 37. Bxe8 Rxe8 38. Rh1 Ng3 39. Rhg1 Kh7 40. Rh2 Re7 41. Ned3 Nh4 42. Rf2 Ng6 43. Rc1 Bxh3 44. Rh2 Bf1 45. Qe1 Bxd3+ 46. Nxd3 Nh4 47. Rf2 h5 48. Rc5 Ng6 49. Rfc2 Kg7 50. Rc6 Qd4 51. Nc5 Nh4 52. Ne6+ Kg8 53. Nxd4 1-0

[Event "Labour Day op"]
[Site "Langley CAN"]
[Date "2009.09.05"]
[Round "1.6"]
[White "Sullivan, Brian"]
[Black "Salcedo, Daniel"]
[Result "0-1"]
[WhiteElo "1644"]
[BlackElo "2050"]
[PlyCount "71"]
[GameId "2160767910092887"]
[EventDate "2009.09.05"]
[EventType "swiss"]
[EventRounds "6"]
[EventCountry "CAN"]
[SourceTitle "EXT 2022"]
[Source "ChessBase"]
[SourceDate "2021.10.06"]
[SourceVersion "1"]
[SourceVersionDate "2021.10.06"]
[SourceQuality "1"]

1. e4 c5 2. Nf3 d6 3. d4 cxd4 4. Nxd4 Nf6 5. Nc3 e6 6. Be2 a6 7. Be3 Be7 8. O-O O-O 9. Kh1 b5 10. f3 Nbd7 11. a4 b4 12. Nc6 Qe8 13. Nxb4 Rb8 14. Nxa6 Bxa6 15. Bxa6 Rxb2 16. Bb5 Qc8 17. Bd4 e5 18. Nd5 Nxd5 19. Bxb2 Ne3 20. Qd3 Nxf1 21. Rxf1 Nc5 22. Qd2 h6 23. Ra1 Qb8 24. Qe2 Qb7 25. Ba3 Ne6 26. c3 Rc8 27. Bb4 Nc7 28. Bc4 Ra8 29. Qd3 Qc6 30. a5 Na6 31. Bd5 Qc8 32. Bxa8 Qxa8 33. Bxd6 Qd8 34. Qxa6 Bxd6 35. Rd1 Qb8 36. Qxd6 0-1

[Event "Labour Day op"]
[Site "Langley CAN"]
[Date "2009.09.05"]
[Round "1.7"]
[White "Cheng, Jack"]
[Black "Hamm, Robert"]
[Result "1-0"]
[WhiteElo "2035"]
[BlackElo "1632"]
[PlyCount "65"]
[GameId "2160767910092888"]
[EventDate "2009.09.05"]
[EventType "swiss"]
[EventRounds "6"]
[EventCountry "CAN"]
[SourceTitle "EXT 2022"]
[Source "ChessBase"]
[SourceDate "2021.10.06"]
[SourceVersion "1"]
[SourceVersionDate "2021.10.06"]
[SourceQuality "1"]

1. e4 c5 2. Nf3 e6 3. d4 cxd4 4. Nxd4 Nc6 5. Nc3 a6 6. Be2 Qc7 7. O-O Nf6 8. Be3 Bb4 9. Na4 Nxe4 10. Nxc6 Qxc6 11. Nb6 Rb8 12. Qd4 Bf8 13. Bf3 f5 14. Bf4 d6 15. Rad1 Rg8 16. Bxe4 fxe4 17. Bxd6 Bxd6 18. Qxd6 Qxd6 19. Rxd6 Ke7 20. Rfd1 e5 21. R6d5 Kf6 22. h3 Be6 23. Nd7+ Bxd7 24. Rxd7 h5 25. R1d6+ Kg5 26. Re7 Kf5 27. Rde6 Rbd8 28. Rxe5+ Kf4 29. Rxe4+ Kf5 30. R4e5+ Kf6 31. g4 hxg4 32. hxg4 g5 33. R5e6# 1-0

[Event "Labour Day op"]
[Site "Langley CAN"]
[Date "2009.09.05"]
[Round "1.8"]
[White "Paulson, Stewart"]
[Black "Campos, Eugenio"]
[Result "0-1"]
[WhiteElo "1596"]
[BlackElo "1993"]
[PlyCount "70"]
[GameId "2160767910092889"]
[EventDate "2009.09.05"]
[EventType "swiss"]
[EventRounds "6"]
[EventCountry "CAN"]
[SourceTitle "EXT 2022"]
[Source "ChessBase"]
[SourceDate "2021.10.06"]
[SourceVersion "1"]
[SourceVersionDate "2021.10.06"]
[SourceQuality "1"]

1. d4 d5 2. Nf3 Nf6 3. Bg5 Nbd7 4. c3 Ne4 5. Bf4 c6 6. Nbd2 Ndf6 7. e3 Bg4 8. Be2 e6 9. Nxe4 Nxe4 10. Nd2 Bf5 11. O-O Bd6 12. Nxe4 Bxe4 13. Bxd6 Qxd6 14. Bd3 Bg6 15. Re1 f5 16. c4 O-O 17. c5 Qc7 18. b4 a6 19. a4 h6 20. g4 Qe7 21. f4 Qh4 22. gxf5 Bxf5 23. Bxf5 exf5 24. Ra2 Rfe8 25. Qf3 Re6 26. Rg2 Rae8 27. Rge2 Kh7 28. Qg3 Qh5 29. h4 Rg6 30. Qxg6+ Kxg6 31. Rg2+ Kf6 32. b5 Qxh4 33. Ree2 axb5 34. axb5 Ra8 35. Ra2 Rxa2 0-1

[Event "Labour Day op"]
[Site "Langley CAN"]
[Date "2009.09.05"]
[Round "1.13"]
[White "Leblanc, Paul"]
[Black "Lohner, Jason"]
[Result "0-1"]
[WhiteElo "1848"]
[BlackElo "1428"]
[PlyCount "51"]
[GameId "2160767910092891"]
[EventDate "2009.09.05"]
[EventType "swiss"]
[EventRounds "6"]
[EventCountry "CAN"]
[SourceTitle "EXT 2022"]
[Source "ChessBase"]
[SourceDate "2021.10.06"]
[SourceVersion "1"]
[SourceVersionDate "2021.10.06"]
[SourceQuality "1"]

1. d4 Nf6 2. Bg5 d6 3. Bxf6 exf6 4. e4 Be7 5. Bd3 O-O 6. Ne2 Nd7 7. O-O b6 8. c4 Bb7 9. f4 c5 10. Nbc3 cxd4 11. Nxd4 Qc7 12. Nf5 Rfe8 13. Kh1 Rad8 14. Rc1 Qb8 15. Qg4 g6 16. Ne3 Nc5 17. Bb1 Bf8 18. Ned5 Bxd5 19. Nxd5 Bg7 20. Rce1 Qc8 21. Qf3 f5 22. exf5 Rxe1 23. Rxe1 Re8 24. Qf2 Bd4 25. Rxe8+ Qxe8 26. Qxd4 0-1

[Event "Labour Day op"]
[Site "Langley CAN"]
[Date "2009.09.05"]
[Round "1.14"]
[White "Dawson, Jeffrey"]
[Black "Diemecke, Pablo"]
[Result "0-1"]
[WhiteElo "1243"]
[BlackElo "1825"]
[PlyCount "84"]
[GameId "2160767910092892"]
[EventDate "2009.09.05"]
[EventType "swiss"]
[EventRounds "6"]
[EventCountry "CAN"]
[SourceTitle "EXT 2022"]
[Source "ChessBase"]
[SourceDate "2021.10.06"]
[SourceVersion "1"]
[SourceVersionDate "2021.10.06"]
[SourceQuality "1"]

1. e4 d5 2. exd5 Qxd5 3. Nc3 Qa5 4. d4 c6 5. Bd2 Bf5 6. Bc4 e6 7. Nd5 Qd8 8. Ne3 Bg6 9. Nf3 Nd7 10. Bc3 Bd6 11. O-O Ngf6 12. Qe2 O-O 13. Rfe1 Ne4 14. Rab1 Nxc3 15. bxc3 b5 16. Bd3 Qa5 17. Bxg6 hxg6 18. Qd3 Nf6 19. h3 Rab8 20. Ng4 Nd5 21. c4 bxc4 22. Qxc4 c5 23. Qd3 Rxb1 24. Rxb1 Nb4 25. Qe4 Nxa2 26. h4 Nc3 27. Re1 Nxe4 28. Rxe4 cxd4 29. g3 e5 30. Ngxe5 Bxe5 31. Rxe5 Qc3 32. Ne1 a5 33. Ng2 a4 34. Rd5 a3 35. Nf4 a2 36. Ne2 a1=Q+ 37. Kg2 Qxc2 38. Nxd4 Qe4+ 39. Kh3 Qxd5 40. Nc2 Qah1+ 41. Kg4 Qdf3+ 42. Kg5 Qf5# 0-1

[Event "Labour Day op"]
[Site "Langley CAN"]
[Date "2009.09.05"]
[Round "1.15"]
[White "Davidson, Brian"]
[Black "Straka, Petr"]
[Result "1-0"]
[WhiteElo "1588"]
[BlackElo "1192"]
[PlyCount "57"]
[GameId "2160767910092893"]
[EventDate "2009.09.05"]
[EventType "swiss"]
[EventRounds "6"]
[EventCountry "CAN"]
[SourceTitle "EXT 2022"]
[Source "ChessBase"]
[SourceDate "2021.10.06"]
[SourceVersion "1"]
[SourceVersionDate "2021.10.06"]
[SourceQuality "1"]

1. d4 d5 2. Bg5 Nc6 3. Nf3 Bg4 4. e3 Nf6 5. Nbd2 e6 6. c4 Bb4 7. Be2 Bxd2+ 8. Nxd2 Bxe2 9. Qxe2 dxc4 10. Nxc4 h6 11. Bh4 g5 12. Bg3 Ne4 13. Be5 Nxe5 14. Nxe5 Nf6 15. O-O O-O 16. f4 Ne4 17. fxg5 Qxg5 18. Rf4 f5 19. Qc4 Rae8 20. Qxc7 Rc8 21. Qd7 Rc2 22. Qxe6+ Kg7 23. Ng4 h5 24. Qe5+ Kg8 25. Rxf5 Qxg4 26. Rxf8+ Kxf8 27. Rf1+ Kg8 28. Qe8+ Kh7 29. Rf7+ 1-0

[Event "Labour Day op"]
[Site "Langley CAN"]
[Date "2009.09.05"]
[Round "1.18"]
[White "Kornienkoc, Alexander"]
[Black "Doknjas, John"]
[Result "0-1"]
[WhiteElo "1643"]
[BlackElo "1752"]
[PlyCount "72"]
[GameId "2160767910092894"]
[EventDate "2009.09.05"]
[EventType "swiss"]
[EventRounds "6"]
[EventCountry "CAN"]
[SourceTitle "EXT 2022"]
[Source "ChessBase"]
[SourceDate "2021.10.06"]
[SourceVersion "1"]
[SourceVersionDate "2021.10.06"]
[SourceQuality "1"]

1. e4 c5 2. Nc3 d6 3. f4 e6 4. Nf3 Ne7 5. Bb5+ Bd7 6. Bxd7+ Qxd7 7. O-O g6 8. d3 Bg7 9. Qe1 O-O 10. e5 d5 11. d4 Nf5 12. Ne2 Rc8 13. c3 Qa4 14. g4 Ne7 15. Qh4 Nec6 16. f5 Qc2 17. Ng3 cxd4 18. fxe6 fxe6 19. Ng5 h6 20. Nxe6 dxc3 21. Bxh6 Bxe5 22. Rf2 cxb2 23. Raf1 b1=Q 24. Rxc2 Qxc2 25. Bg7 Bxg7 26. Ng5 Bd4+ 27. Kh1 Rc7 28. Qh6 Na6 29. N3e4 Rg7 30. Nd6 Rf8 31. Rxf8+ Kxf8 32. Ne6+ Ke7 33. Nxd4 Nxd4 34. Qxg7+ Kxd6 35. Qxd4 Qe4+ 36. Qxe4 dxe4 0-1

[Event "Labour Day op"]
[Site "Langley CAN"]
[Date "2009.09.05"]
[Round "2.2"]
[White "Patterson, Roger"]
[Black "Han, Yifei"]
[Result "1-0"]
[WhiteElo "2197"]
[BlackElo "1931"]
[PlyCount "79"]
[GameId "2160767910092895"]
[EventDate "2009.09.05"]
[EventType "swiss"]
[EventRounds "6"]
[EventCountry "CAN"]
[SourceTitle "EXT 2022"]
[Source "ChessBase"]
[SourceDate "2021.10.06"]
[SourceVersion "1"]
[SourceVersionDate "2021.10.06"]
[SourceQuality "1"]

1. e4 e5 2. Nf3 Nc6 3. Bb5 a6 4. Ba4 Nf6 5. O-O Be7 6. Re1 b5 7. Bb3 d6 8. c3 O-O 9. h3 Na5 10. Bc2 c5 11. d4 Qc7 12. Nbd2 cxd4 13. cxd4 Nc6 14. Nb3 Nb4 15. Bb1 a5 16. Be3 Bd7 17. a3 Nc6 18. Bd3 Qb8 19. dxe5 dxe5 20. Nc5 Bxc5 21. Bxc5 Re8 22. Qb3 Nd8 23. Rac1 Ne6 24. Be3 a4 25. Qc3 Nf8 26. Qb4 Ne6 27. Ng5 Nf4 28. Bxf4 exf4 29. Rc5 Re5 30. Rxe5 Qxe5 31. Nf3 Qe8 32. e5 Nd5 33. Qe4 Ne7 34. Qxh7+ Kf8 35. Qh8+ Ng8 36. Bh7 g6 37. Bxg8 Ra6 38. Bxf7+ Kxf7 39. e6+ Bxe6 40. Ng5+ 1-0